| 000 | 01161nam a2200301 i 4500 | ||
|---|---|---|---|
| 003 | DO-SdBNP | ||
| 005 | 20240213133813.0 | ||
| 006 | a||||gr|||| 00| 0 | ||
| 007 | ta | ||
| 008 | 240213e2009 dr ac||gr|||| 000 ebspa d | ||
| 040 |
_aDO-SdBNP _bspa _cBNPHU _erda |
||
| 082 | 4 |
_222 _bD812P |
|
| 100 | 1 |
_973458 _aPichardo Cruz, Daniel Nicanor _eautor |
|
| 245 | 1 | 0 |
_aJuan Pablo Duarte, fundador de la República cristiano y católico / _cDaniel Nicanor Pichardo Cruz |
| 264 |
_aSanto Domingo : _bAlfa Beta, _c2009 |
||
| 300 |
_a27 páginas : _bilustraciones, retratos _c22 cm |
||
| 336 |
_2rdaconten _atexto _btxt |
||
| 337 |
_2rdamedia _asin medición _bn |
||
| 338 |
_2rdacarrier _avolumen _bnc |
||
| 490 | _aCartilla Duartiana : | ||
| 490 |
_aLectura de la Patria ; _v5 |
||
| 500 | _aIncluye bibliografía y nota al pie de páginas. | ||
| 500 | _aBusto de Juan Pablo Duarte, por Abelardo Rodríguez Urdaneta, en la Galería de Próceres del Palacio de la Unión Panamericana de Whashington 6 de julio de 1913. tomado del libro la faz de Duarte de Julio Portillo. | ||
| 590 | _aInventariado 2024 / DG | ||
| 700 | _921571 | ||
| 910 | _aDG | ||
| 942 |
_2ddc _cLF2 |
||
| 999 |
_c55940 _d55940 |
||